[Event "Kalamazoo op"]
[Site "Kalamazoo"]
[Date "2003.10.26"]
[Round "5.31"]
[White "Ferguson, Edward"]
[Black "Sweatland, Christopher"]
[Result "1-0"]
[WhiteElo "855"]
[BlackElo "598"]
[PlyCount "149"]
[EventDate "2003.10.25"]
[EventType "swiss"]
[EventRounds "5"]
[EventCountry "USA"]
[SourceTitle "EXT 2007"]
[Source "ChessBase"]
[SourceDate "2006.11.23"]
[SourceVersion "1"]
[SourceVersionDate "2006.11.23"]
[SourceQuality "1"]

1. e4 d6 2. d4 Nf6 3. Nc3 Nc6 4. Nf3 e5 5. Bg5 exd4 6. Nxd4 Nxd4 7. Qxd4 Be7 8. Nd5 Nxd5 9. Bxe7 Nxe7 10. Qxg7 Rg8 11. Qxh7 Be6 12. 0-0-0 Qd7 13. e5 Bf5 14. Qh5 Qc6 15. Bd3 Bxd3 16. Rxd3 Qxg2 17. Re1 Qxf2 18. Ree3 Rg1+ 19. Rd1 Rxd1+ 20. Qxd1 Qf4 21. Qd2 Nf5 22. exd6+ Nxe3 23. Qc3 Qf1+ 24. Kd2 Qf2+ 25. Kc1 Qf1+ 26. Kd2 Qf2+ 27. Kc1 Rd8 28. Qh8+ Kd7 29. Qc3 Ke6 30. Qb3+ Kf5 31. Qxf7+ Ke4 32. Qxf2 Rxd6 33. b3 Rd1+ 34. Kb2 Rf1 35. Qh4+ Rf4 36. Qe7+ Kf3 37. Qxc7 Nd1+ 38. Ka1 b5 39. Qb7+ Ke3 40. Qxb5 Nc3 41. Qe5+ Ne4 42. Qe7 Rf1+ 43. Kb2 a5 44. Qa7+ Ke2 45. Qxa5 Nd2 46. Qb5+ Kf2 47. Qd3 Nf3 48. a4 Ne1 49. Qd2+ Kf3 50. a5 Ng2 51. a6 Rf2 52. Qxf2+ Kxf2 53. a7 Ne3 54. a8Q Nd1+ 55. Ka3 Ke2 56. Qe8+ Ne3 57. Kb4 Kd2 58. Qe4 Nxc2+ 59. Kc4 Ne1 60. Qd4+ Ke2 61. Kc3 Nf3 62. Qd3+ Kf2 63. Qxf3+ Kxf3 64. b4 Ke4 65. Kc4 Ke5 66. Kb5 Kd6 67. Ka6 Kc6 68. b5+ Kc5 69. b6 Kb4 70. b7 Kc5 71. b8Q Kc6 72. Qb5+ Kc7 73. Qd5 Kc8 74. Kb6 Kb8 75. Qd8# 1-0